Operations Research (Record no. 4191)

MARC details
000 -LEADER
fixed length control field 00338nam a2200145Ia 4500
008 - FIXED-LENGTH DATA ELEMENTS--GENERAL INFORMATION
fixed length control field 191201s2011 xx 000 0 und d
082 ## - DEWEY DECIMAL CLASSIFICATION NUMBER
Classification number 003
Item number HIO
100 ## - MAIN ENTRY--PERSONAL NAME
Personal name GUPTA, Prem Kumar
245 #0 - TITLE STATEMENT
Title Operations Research
250 ## - EDITION STATEMENT
Edition statement Rep
260 ## - PUBLICATION, DISTRIBUTION, ETC. (IMPRINT)
Place of publication, distribution, etc N.Delhi
Name of publisher, distributor, etc S Chand and Co. Ltd.
Date of publication, distribution, etc 2011
300 ## - PHYSICAL DESCRIPTION
Extent 1395
650 ## - SUBJECT ADDED ENTRY--TOPICAL TERM
Topical term or geographic name as entry element MCA
942 ## - ADDED ENTRY ELEMENTS (KOHA)
Source of classification or shelving scheme Dewey Decimal Classification
Koha item type Text Books
Holdings
Withdrawn status Lost status Source of classification or shelving scheme Damaged status Not for loan Collection code Home library Current library Date acquired Source of acquisition Cost, normal purchase price Bill Number Total Checkouts Full call number Acc. no. / Barcode Date last seen Date last borrowed Bill Date Koha item type Checked out Public note
    Dewey Decimal Classification     MCA PIET C-LIBRARY PIET C-LIBRARY 25/11/2009 J B C, New Delhi 490.00 SI-3710 2 003 HIO 13883 28/02/2020 24/02/2020 14/11/2009 Text Books    
    Dewey Decimal Classification     MCA PIET C-LIBRARY PIET C-LIBRARY 25/11/2009 J B C, New Delhi 490.00 SI-3710   003 GUO 13884 04/12/2019   14/11/2009 Text Books    
    Dewey Decimal Classification     B.Tech(ME) PIET C-LIBRARY PIET C-LIBRARY 11/01/2010 J B C, New Delhi 475.00 SI-4035   003 HIO 14308 04/12/2019   01/01/2010 Text Books    
    Dewey Decimal Classification     B.Tech(ME) PIET C-LIBRARY PIET C-LIBRARY 11/01/2010 J B C, New Delhi 475.00 SI-4035 2 658.4034 GUO 14309 03/09/2020 16/03/2020 01/01/2010 Text Books    
    Dewey Decimal Classification     B.Tech(ME) PIET C-LIBRARY PIET C-LIBRARY 11/01/2010 J B C, New Delhi 475.00 SI-4035 2 003 HIO 14310 05/09/2020 12/03/2020 01/01/2010 Text Books    
    Dewey Decimal Classification     B.Tech(ME) PIET C-LIBRARY PIET C-LIBRARY 11/01/2010 J B C, New Delhi 475.00 SI-4035 3 658.4034 GUO 14311 24/08/2021 20/08/2021 01/01/2010 Text Books    
    Dewey Decimal Classification     B.Tech(ME) PIET C-LIBRARY PIET C-LIBRARY 11/01/2010 J B C, New Delhi 475.00 SI-4035 3 658.4034 GUO 14312 29/12/2020 16/03/2020 01/01/2010 Text Books    
    Dewey Decimal Classification     B.Tech(ME) PIET C-LIBRARY PIET C-LIBRARY 11/01/2010 J B C, New Delhi 475.00 SI-4035 2 658.4034 GUO 14313 07/08/2020 11/03/2020 01/01/2010 Text Books    
    Dewey Decimal Classification     B.Tech(ME) PIET C-LIBRARY PIET C-LIBRARY 11/01/2010 J B C, New Delhi 475.00 SI-4035 2 658.4034 GUO 14314 02/03/2020 20/02/2020 01/01/2010 Text Books    
    Dewey Decimal Classification     B.Tech(ME) PIET C-LIBRARY PIET C-LIBRARY 11/01/2010 J B C, New Delhi 475.00 SI-4035 2 658.4034 GUO 14315 12/03/2020 24/02/2020 01/01/2010 Text Books    
    Dewey Decimal Classification     B.Tech(ME) PIET C-LIBRARY PIET C-LIBRARY 11/01/2010 J B C, New Delhi 475.00 SI-4035   658.4034 GUO 14316 04/12/2019   01/01/2010 Text Books    
    Dewey Decimal Classification     B.Tech(ME) PIET C-LIBRARY PIET C-LIBRARY 11/01/2010 J B C, New Delhi 475.00 SI-4035   003 HIO 14317 04/12/2019   01/01/2010 Text Books    
    Dewey Decimal Classification     MBA PIET C-LIBRARY PIET C-LIBRARY 16/07/2012 IBH, New Delhi 595.00 5677 2 658.4034 GUO 20217 24/02/2021 13/03/2020 14/07/2012 Text Books    
    Dewey Decimal Classification     MBA PIET C-LIBRARY PIET C-LIBRARY 16/07/2012 IBH, New Delhi 595.00 5677 4 658.4034 GUO 20218 14/09/2023 01/06/2022 14/07/2012 Text Books    
    Dewey Decimal Classification     MBA PIET C-LIBRARY PIET C-LIBRARY 16/07/2012 IBH, New Delhi 595.00 5677 4 658.4034 GUO 20219 08/10/2020 21/09/2020 14/07/2012 Text Books    
    Dewey Decimal Classification     MBA PIET C-LIBRARY PIET C-LIBRARY 16/07/2012 IBH, New Delhi 595.00 5677 4 658.4034 GUO 20220 28/03/2023 13/03/2023 14/07/2012 Text Books    
    Dewey Decimal Classification     MBA PIET C-LIBRARY PIET C-LIBRARY 16/07/2012 IBH, New Delhi 595.00 5677 4 658.4034 GUO 20221 28/10/2020 16/03/2020 14/07/2012 Text Books    
    Dewey Decimal Classification     MBA PIET C-LIBRARY PIET C-LIBRARY 16/07/2012 IBH, New Delhi 595.00 5677 2 003 HIO 20222 11/04/2022 11/04/2022 14/07/2012 Text Books 10/10/2022  
    Dewey Decimal Classification     MBA PIET C-LIBRARY PIET C-LIBRARY 16/07/2012 IBH, New Delhi 595.00 5677   658.4034 GUO 20223 04/12/2019   14/07/2012 Text Books    
    Dewey Decimal Classification     B.Tech(ME) PIET C-LIBRARY PIET C-LIBRARY 03/10/2012 IBH, New Delhi 595.00 12628   658.4034 GUO 21271 04/12/2019   29/09/2012 Text Books    
    Dewey Decimal Classification     B.Tech(ME) PIET C-LIBRARY PIET C-LIBRARY 03/10/2012 IBH, New Delhi 595.00 12628 1 658.4034 GUO 21272 17/02/2020 07/02/2020 29/09/2012 Text Books    
    Dewey Decimal Classification     B.Tech(ME) PIET C-LIBRARY PIET C-LIBRARY 03/10/2012 IBH, New Delhi 595.00 12628 1 003 HIO 21273 28/02/2020 11/02/2020 29/09/2012 Text Books   Damage
    Dewey Decimal Classification     B.Tech(ME) PIET C-LIBRARY PIET C-LIBRARY 03/10/2012 IBH, New Delhi 595.00 12628   658.4034 GUO 21274 22/01/2020   29/09/2012 Text Books    

Design & Developed by: PIET Central Library
R70 Miles Stone Pattikalyana Samalkha Panipat 132102
mail ID :- [email protected], Phone No:- 0180-2569700 Ex.216